Colors that start with a Quiz Stats

Quiz not verified by Sporcle

Challenge
Share
Tweet
Embed
Score 0/10 Timer 03:00
0 Plays Today
answer % Correct
aqua
73.7%
aquamarine
52.6%
azure
52.6%
amber
42.1%
apricot
42.1%
amethyst
31.6%
auburn
31.6%
alizarin
21.1%
amaranth
15.8%
asparagus
15.8%

You're not logged in!

Compare scores with friends on all Sporcle quizzes.
Join for Free
OR
Log In

You Might Also Like...

Show Comments

Extras

Created Aug 27, 2011SourceReportNominate
Tags:Color Quiz, start

Top Quizzes Today


Score Distribution

Your Account Isn't Verified!

In order to create a playlist on Sporcle, you need to verify the email address you used during registration. Go to your Sporcle Settings to finish the process.

Report this User

Report this user for behavior that violates our Community Guidelines.

Details: